Oranges are not the only fruit / Jeanette ... Read More
Available copies
- 1 of 1 copy available at LARL/NWRL Consortium.
- 1 of 1 copy available at Lake Agassiz Regional Library. (Show preferred library)
Current holds
0 current holds with 1 total copy.
Show All Copies
| Location | Call Number / Copy Notes | Barcode | Shelving Location | Status | Due Date |
|---|---|---|---|---|---|
| Moorhead Public Library | Win (Text) | 33500005371463 | Main | Available | - |
Record details
- ISBN: 0802135161 (pbk.) :
- Physical Description: 176 p. ; 21 cm.
- Publisher: New York : Grove Press, 1997, c1985.
| LDR | 00769cam a2200241Ia 4500 | ||
|---|---|---|---|
| 001 | 8647 | ||
| 003 | LARL_NWRL_CONSORTIUM | ||
| 005 | 19980427094202.0 | ||
| 008 | 971017r19971985nyu 000 1 eng d | ||
| 010 | . | ‡a87014412 | |
| 020 | . | ‡a0802135161 (pbk.) : ‡c$12.00 | |
| 035 | . | ‡a(OCoLC)37799018 | |
| 035 | . | ‡a3750-99360 | |
| 040 | . | ‡aOCO ‡cOCO ‡dUB4 | |
| 090 | . | ‡aPR6073.I558 ‡bO7 1997 | |
| 099 | . | ‡aWin | |
| 100 | 1 | . | ‡aWinterson, Jeanette, ‡d1959- ‡0(LARL_NWRL_CONSORTIUM)79588 |
| 245 | 1 | 0. | ‡aOranges are not the only fruit / ‡cJeanette Winterson. |
| 260 | . | ‡aNew York : ‡bGrove Press, ‡c1997, c1985. | |
| 300 | . | ‡a176 p. ; ‡c21 cm. | |
| 901 | . | ‡a8647 ‡bOCLC ‡c8647 ‡tbiblio | |

Add to basket
Permalink
Disable Highlighting